000
00317 a2200157 4500
001
188738
020
_a
0-19-424339-7
040
_c
Magnum
100
_a
Escott, John
240
1
0
_a
A pretty face
_l
ING
245
1
0
_a
A pretty face
300
_a
44
362
0
_a
2003
697
_a
LITERATURA INGLESA
942
_c
BK
999
_c
188738
_d
188738